| 000 | 00369nam a2200133Ia 4500 | ||
|---|---|---|---|
| 005 | 20251222141945.0 | ||
| 008 | 251222s9999||||xx |||||||||||||| ||spa|| | ||
| 020 | _a84-7908-383-2 | ||
| 082 | _a693.7/I72 | ||
| 100 | _aIrles Más, Ramón | ||
| 245 | 0 | _aDiagramas para Cálculo de Perfiles Metálicos | |
| 264 | _bPublicaciones de la Universidad de Alicante | ||
| 942 | _cLIB | ||
| 999 |
_c9476 _d9476 |
||